| 000 | 00933nam a22002417a 4500 | ||
|---|---|---|---|
| 999 |
_c2328 _d2328 |
||
| 003 | AR-CdUCM | ||
| 008 | 190304b ||||| |||| 00| 0 spa d | ||
| 040 |
_aMUNICIPALIDAD PROVINCIAL DEL CUSCO _cBIBLIOTECA MUNICIPAL DEL CUSCO |
||
| 041 | _heng | ||
| 082 |
_a927 / _bW42 |
||
| 100 |
_aWeinstock, Herbert _98390 |
||
| 245 |
_aCientificos Escritores y Artistas / _bTchaikovsky / |
||
| 260 |
_aMéxico D. F. : _bGrijalbo, _c1945. |
||
| 300 |
_a559 páginas ; _bilustraciones, _c22 cm. |
||
| 440 |
_aBiografías Gandesa. _94521 |
||
| 505 | _aContenido: Obras para piano solo -- Obras para piano (a cuatro manos) -- Obra para orquesta -- Conceptos y piezas concertantes con orquesta -- Música de cámara -- Música vocal (canciones a solo) ... | ||
| 650 |
_aBiografía _944070 |
||
| 650 |
_aRusia _9499 |
||
| 650 |
_aObras _96865 |
||
| 700 |
_aBal y Gay, Jesus (traducción y prólogo) _98391 |
||
| 942 |
_2ddc _cLIBROS |
||
| 945 | _aachl | ||